Quiz sur l'Occitanie - Statistiques

Statistiques générales
  • Ce quiz a été pris 162 fois
  • Le résultat moyen est 12 sur 15
Statistiques - réponses
Questions Réponses % Correct
Quel est la capitale de l'Occitanie ? Toulouse
100%
Cite un pays frontalier de la région Andorre | Espagne
96%
Quel chaîne de montagne va de l'Atlantique à la méditerranée en passant par le sud de la région ? les Pyrénées
94%
Combien y-a t'il de département ? 13
92%
Quel est la 2e ville la plus peuplé ? Montpellier
91%
Quel est le nom de la cité fortifiée situé dans l'Aude ? Carcassonne
89%
Cite une région française frontalière de la région Nouvelle-Aquitaine | Auvergne-Rhône-Alpes | Provence-Alpes-Côte-d'Azure
89%
Quel plat à base de haricots secs et de viande est une spécialité du Languedoc ? le cassoulet
88%
Quel fleuron de l'aérien européen a son siège social dans la région ? Airbus
87%
Quel est la population (au millions près) ? 6,1 millions
86%
Quel département correspond à la Catalogne du Nord ? les Pyrénées-Orientales (66)
72%
Cite une région historique de l'Occitanie Foix | Gascogne | Guyenne | Languedoc | Roussillon
70%
Quel est le département le moins peuplé de France (qui est situé dans la région) ? la Lozère (76,5 mille habitants)
65%
Quel est le nom du pont romain à trois niveaux destiné au passage d'un aqueduc situé près de Nîmes ? le Pont du Gard
62%
Quel région naturelle appartement au massif centrale est situé dans le nord-est de la région ? les Cévennes
42%
Aucun quiz correspondant
Distribution des résultats
% des personnes avec chaque résultat
Percentile par nombre de réponses
Votre historique - résultats
Vous n’avez pas pris ce quiz